Get the Picture: Red Fictional Characters Quiz Stats

 Plays Quiz Updated Nov 14, 2019

Score 0/16 Timer 03:00
0 Plays Today
Question Answer Wrong Answers
Is a Sesame Street character? Elmo
97.2%
Lightning McQueen
0.1%
Deadpool
0.1%
Clifford
0.3%
Is a Pixar character? Lightning McQueen
96.7%
Elmo
0.5%
Deadpool
0.4%
Clifford
0.4%
Is a Marvel character? Deadpool
96.6%
Elmo
0.2%
Lightning McQueen
0.9%
Clifford
0.2%
Is played by Ryan Reynolds? Deadpool
93.9%
Elmo
0.9%
Lightning McQueen
2.1%
Clifford
0.9%
Belongs to Emily Elizabeth? Clifford
91.8%
Elmo
3.6%
Lightning McQueen
1.2%
Deadpool
1.1%
Has the real name Wade Wilson? Deadpool
91.8%
Elmo
1.1%
Lightning McQueen
3.6%
Clifford
1.2%
Moves to Radiator Springs? Lightning McQueen
91.8%
Elmo
0.7%
Deadpool
2%
Clifford
3.3%
Is voiced by Owen Wilson? Lightning McQueen
89.2%
Elmo
2.1%
Deadpool
2.8%
Clifford
3.7%
Is approximately 25 feet tall? Clifford
87.4%
Elmo
2.2%
Lightning McQueen
0.9%
Deadpool
7.2%
Had cancer? Deadpool
85.4%
Elmo
7.9%
Lightning McQueen
1.1%
Clifford
3.1%
Was voiced by Kevin Clash for nearly 30 years? Elmo
84.9%
Lightning McQueen
1.3%
Deadpool
1.3%
Clifford
10.6%
Was the basis for a wildly popular toy in 1996? Elmo
82.4%
Lightning McQueen
7.6%
Deadpool
1.1%
Clifford
6.8%
Was created by Norman Bridwell? Clifford
75.5%
Elmo
10%
Lightning McQueen
5.3%
Deadpool
6.9%
Speaks in the third person? Elmo
72.8%
Lightning McQueen
3.5%
Deadpool
16.4%
Clifford
5%
Was voiced by John Ritter? Clifford
68.3%
Elmo
10.5%
Lightning McQueen
16.7%
Deadpool
2.3%
Is romantically linked to Sally Carrera? Lightning McQueen
65.3%
Elmo
1.8%
Deadpool
29.3%
Clifford
1.5%

Today's Daily Dose

Quick Pick
'M' Cities

Get the Picture
'South' Countries

You're not logged in!

Compare scores with friends on all Sporcle quizzes.
OR
Log In

Sporcle TV

Today on Sporcle TV


Watch our educational content, quiz creation guides, and fun videos on Sporcle TV.

Show Comments

Extras

Top Quizzes Today


Score Distribution

Your Account Isn't Verified!

In order to create a playlist on Sporcle, you need to verify the email address you used during registration. Go to your Sporcle Settings to finish the process.

Report this User

Report this user for behavior that violates our Community Guidelines.

Details: